| 000 | 00813nam a2200205 a 4500 | ||
|---|---|---|---|
| 001 | 000042052 | ||
| 005 | 20201002035917.0 | ||
| 008 | 131112s1972 mx a 000 0 spa d | ||
| 040 |
_aDO-SdBNP _bspa _cBNPHU |
||
| 082 |
_axxxx _bA238a |
||
| 240 | 1 | 0 |
_aTraining the ward clerk by Hospital Reserach and Educational Trust. _lEspañol |
| 245 | 0 | 0 |
_aAdministración de salas : _bguía del instructor / _ctraducido al español por Ceferino Palencia, Amalia Vistrain de Morales. |
| 260 |
_aMéxico : _bNueva Editorial Interamericana, _c1972. |
||
| 300 |
_a1 v. (pág. var.) : _bil. ; _c28 cm. |
||
| 490 | 1 | _aAuxiliares hospitalarios | |
| 590 | _aInventariado, 2019 /LP | ||
| 700 | 1 |
_aPalencia, Ceferino, _etrad. _960517 |
|
| 700 | 1 |
_aVistrain de Morales, Amalia, _etrad. _962324 |
|
| 830 | 0 |
_aAuxiliares hospitalarios _969041 |
|
| 999 |
_c41541 _d41541 |
||